Volume title (Record no. 95174)

MARC details
000 -LEADER
fixed length control field 00335nam a2200133Ia 4500
008 - FIXED-LENGTH DATA ELEMENTS--GENERAL INFORMATION
fixed length control field 211118s9999||||xx |||||||||||||| ||und||
082 ## - DEWEY DECIMAL CLASSIFICATION NUMBER
Classification number 070.508 3
Item number VAS-V
100 ## - MAIN ENTRY--PERSONAL NAME
Personal name Vasudevan Nair, M T
245 #0 - TITLE STATEMENT
Title Volume title
260 ## - PUBLICATION, DISTRIBUTION, ETC.
Name of publisher, distributor, etc. Balabhomi
Place of publication, distribution, etc. Kozhikodu
Date of publication, distribution, etc. 1997
630 ## - SUBJECT ADDED ENTRY--UNIFORM TITLE
General subdivision Reference Reading Room
942 ## - ADDED ENTRY ELEMENTS (KOHA)
Koha item type BOOK
650 ## - SUBJECT ADDED ENTRY--TOPICAL TERM
Form subdivision Generalia
Holdings
Withdrawn status Lost status Damaged status Use restrictions Not for loan Home library Current library Date acquired Cost, normal purchase price Total Checkouts Full call number Barcode Shelving location Date last seen Price effective from Koha item type
      RESTRICTED   SB LIBRARY SB LIBRARY 18/11/2021 5.00   070.508 3 VAS-V 00100207 REFERENCE READING ROOM 18/11/2021 18/11/2021 BOOK

Powered by Koha